| 000 | 00700cam a2200217 i 4500 | ||
|---|---|---|---|
| 005 | 20170726020002.0 | ||
| 008 | 990505s1998 ck a r 00110 spa d | ||
| 015 | _ack-1998-xxxx | ||
| 020 | _a9589620744 | ||
| 040 |
_ala _cla _dCO-BoIAVH |
||
| 041 | 0 | _aspa | |
| 082 | 0 | 4 |
_a639 _bW39i |
| 100 | 1 | _aWedler, Eberhard | |
| 245 | 1 | 0 |
_aIntroducción en la acuicultura : _bcon énfasis en los neotrópicos / _cEberhard Wedler. |
| 260 |
_aSanta Marta : _bLitoflash, _c1998. |
||
| 300 |
_a388 páginas : _bilustraciones ; _c25 cm. |
||
| 504 | _aIncluye referencias bibliográficas e índice. | ||
| 650 | 1 | 4 | _aAcuicultura. |
| 650 | 2 | 4 | _aAcuicultura tropical |
| 942 |
_2ddc _cLIBRO _01 |
||
| 999 |
_c5527 _d5527 |
||